[Event "HUN-chT2 Barcza 1819"]
[Site "Hungary"]
[Date "2018.12.02"]
[Round "5.1"]
[White "Baranyai, Szabolcs Jr"]
[Black "Korpas, Zoltan"]
[Result "1/2-1/2"]
[WhiteElo "2227"]
[BlackElo "2132"]
[PlyCount "73"]
[EventDate "2018.09.23"]
[EventType "team-tourn"]
[EventRounds "11"]
[EventCountry "HUN"]
[SourceTitle "CBM 189 Extra"]
[Source "ChessBase"]
[SourceDate "2019.06.03"]
[SourceVersion "1"]
[SourceVersionDate "2019.06.03"]
[SourceQuality "1"]
[WhiteTeam "Hajduszoboszlo"]
[BlackTeam "Nyiregyhaza"]
[WhiteTeamCountry "HUN"]
[BlackTeamCountry "HUN"]

1. d4 Nf6 2. c4 e6 3. g3 Bb4+ 4. Bd2 Bxd2+ 5. Nxd2 d5 6. Bg2 0-0 7. Ngf3 Nbd7 8. 0-0 dxc4 9. Nxc4 c5 10. Rc1 Qe7 11. dxc5 Qxc5 12. Qd6 Qb5 13. Nfe5 Nb6 14. Qd4 Nbd5 15. e4 Nb6 16. Nd6 Qa5 17. Rc7 Nbd7 18. Nxd7 Bxd7 19. Rxb7 e5 20. Qc3 Qxa2 21. Qxe5 Bc6 22. Rc7 Bd7 23. Qc3 Be6 24. Rc5 Rab8 25. b4 Qa6 26. e5 Nd7 27. Ra5 Qb6 28. Rb5 Qd8 29. Rxb8 Qxb8 30. f4 f6 31. Qd4 fxe5 32. fxe5 Qb6 33. Qxb6 Rxf1+ 34. Bxf1 axb6 35. Bc4 Bxc4 36. Nxc4 Kf7 37. Kf2 1/2-1/2

[Event "HUN-chT2 Barcza 1819"]
[Site "Hungary"]
[Date "2018.10.07"]
[Round "2.1"]
[White "Korpas, Zoltan"]
[Black "Boricsev, Oleg"]
[Result "1/2-1/2"]
[WhiteElo "2132"]
[BlackElo "2300"]
[PlyCount "75"]
[EventDate "2018.09.23"]
[EventType "team-tourn"]
[EventRounds "11"]
[EventCountry "HUN"]
[SourceTitle "CBM 189 Extra"]
[Source "ChessBase"]
[SourceDate "2019.06.03"]
[SourceVersion "1"]
[SourceVersionDate "2019.06.03"]
[SourceQuality "1"]
[WhiteTeam "Nyiregyhaza"]
[BlackTeam "Szirmabesenyo"]
[WhiteTeamCountry "HUN"]
[BlackTeamCountry "HUN"]

1. Nf3 d5 2. d4 e6 3. Nbd2 Nf6 4. e3 c5 5. a3 Nc6 6. Be2 cxd4 7. exd4 Be7 8. b4 0-0 9. Bb2 Nd7 10. c4 dxc4 11. Nxc4 b5 12. Nce5 Ncxe5 13. Nxe5 Nxe5 14. dxe5 Bb7 15. 0-0 a6 16. Rc1 Rc8 17. Qxd8 Rfxd8 18. Rxc8 Rxc8 19. Rc1 Rxc1+ 20. Bxc1 Kf8 21. Kf1 Ke8 22. Bd3 g6 23. f3 Kd7 24. Ke2 Bd5 25. Bb2 Kc6 26. Ke3 Bf8 27. Be4 Bh6+ 28. f4 Bf8 29. g4 Be7 30. g5 Bd8 31. Bc3 Be7 32. Kd3 Bf8 33. Bd4 h6 34. h4 h5 35. Bb2 Be7 36. Ba1 a5 37. Bc3 a4 38. Ke3 1/2-1/2

[Event "HUN-chT2 Barcza 1415"]
[Site "Hungary"]
[Date "2015.04.26"]
[Round "?"]
[White "Korpas, Zoltan"]
[Black "Barva, Attila"]
[Result "0-1"]
[WhiteElo "2127"]
[BlackElo "2389"]
[PlyCount "170"]
[EventDate "2014.09.07"]
[EventType "team-tourn"]
[EventRounds "11"]
[EventCountry "HUN"]
[SourceTitle "EXT 2016"]
[Source "ChessBase"]
[SourceDate "2015.10.08"]
[SourceVersion "1"]
[SourceVersionDate "2015.10.08"]
[SourceQuality "1"]
[WhiteTeam "Piremon"]
[BlackTeam "Edeleny"]
[WhiteTeamCountry "HUN"]
[BlackTeamCountry "HUN"]

1. Nf3 Nf6 2. d4 c5 3. e3 g6 4. Be2 Bg7 5. 0-0 0-0 6. Nbd2 b6 7. c4 Bb7 8. Rb1 a5 9. d5 e6 10. e4 Re8 11. Bd3 b5 12. b3 exd5 13. exd5 b4 14. Bb2 d6 15. Qc2 Nbd7 16. h3 a4 17. bxa4 Nb6 18. a3 bxa3 19. Bxa3 Bc8 20. Bb2 Bd7 21. a5 Rxa5 22. Bc3 Ra7 23. Ne4 Nxe4 24. Bxg7 Kxg7 25. Bxe4 Ra6 26. Bd3 Qf6 27. Qb2 h6 28. Rfc1 Bc8 29. Nd2 Nd7 30. Qxf6+ Nxf6 31. Rb3 Ra2 32. Nb1 Ra1 33. Ra3 Rxa3 34. Nxa3 Ba6 35. Bf1 Rb8 36. Nc2 Rb2 37. Ne3 Ne4 38. Ra1 Bb7 39. f3 Nd2 40. Nd1 Rb4 41. Rc1 Ba6 42. Ne3 f5 43. f4 Kf6 44. Rc2 Ne4 45. Bd3 Rb3 46. Bxe4 Rxe3 47. Bf3 Rd3 48. Be2 Rd4 49. g3 g5 50. fxg5+ hxg5 51. Kg2 Ke5 52. Kf2 f4 53. gxf4+ Rxf4+ 54. Ke1 Bc8 55. Rc3 Ba6 56. Kd2 Rd4+ 57. Ke1 Rh4 58. Kd2 Bc8 59. Ra3 Kf4 60. Rf3+ Ke4 61. Rg3 Rxh3 62. Rxg5 Rh2 63. Rg8 Bf5 64. Rg3 Kd4 65. Rg5 Be4 66. Rg3 Rh1 67. Rg4 Rh2 68. Rg3 Rh1 69. Rg4 Rh3 70. Rf4 Ra3 71. Rh4 Ra2+ 72. Ke1 Ra3 73. Kd2 Rb3 74. Ke1 Rb1+ 75. Kd2 Rh1 76. Rf4 Rh2 77. Rg4 Ke5 78. Rg3 Rg2 79. Rh3 Bf5 80. Rh4 Rg3 81. Rh5 Kf4 82. Rh8 Rg2 83. Rf8 Ke4 84. Re8+ Kd4 85. Rf8 Bd3 0-1

[Event "HUN-chT2 Barcza 1415"]
[Site "Hungary"]
[Date "2015.02.08"]
[Round "?"]
[White "Varadi, Viktor"]
[Black "Korpas, Zoltan"]
[Result "0-1"]
[WhiteElo "2380"]
[BlackElo "2127"]
[PlyCount "110"]
[EventDate "2014.09.07"]
[EventType "team-tourn"]
[EventRounds "11"]
[EventCountry "HUN"]
[SourceTitle "EXT 2016"]
[Source "ChessBase"]
[SourceDate "2015.10.08"]
[SourceVersion "1"]
[SourceVersionDate "2015.10.08"]
[SourceQuality "1"]
[WhiteTeam "Debrecen Sakkbaratok"]
[BlackTeam "Piremon"]
[WhiteTeamCountry "HUN"]
[BlackTeamCountry "HUN"]

1. e4 e5 2. Nf3 Qe7 3. Nc3 c6 4. Bc4 h6 5. 0-0 d6 6. h3 g5 7. d4 Bg7 8. dxe5 dxe5 9. Ne2 g4 10. hxg4 Bxg4 11. Ng3 Qf6 12. b3 Nd7 13. Ba3 h5 14. Qd6 Qxd6 15. Bxd6 h4 16. Nf5 Bf6 17. Ba3 Bxf5 18. exf5 Nh6 19. Rad1 b5 20. Bd3 Be7 21. Be4 Bxa3 22. Bxc6 0-0-0 23. Bxb5 Ng4 24. Ng5 Nh6 25. Nf3 f6 26. Nxh4 Ng4 27. Ng6 Rh5 28. Rd5 Nb6 29. Rxd8+ Kxd8 30. Rd1+ Kc7 31. Be2 Rg5 32. c3 Bc5 33. Bxg4 Rxg4 34. Kf1 Rg5 35. Nh4 Nc8 36. f3 Rh5 37. g3 Ne7 38. Kg2 Nxf5 39. Nxf5 Rxf5 40. Rd5 Kc6 41. c4 Rg5 42. g4 Rg8 43. Kg3 Be3 44. b4 Rb8 45. b5+ Kc7 46. Rd3 Bb6 47. f4 e4 48. Rc3 Bd4 49. Rc2 Re8 50. c5 e3 51. Kf3 e2 52. Rxe2 Rxe2 53. Kxe2 Bxc5 54. Kd3 Kb6 55. Kc4 Be3 0-1

[Event "HUN-chT2 Barcza 1314"]
[Site "Hungary"]
[Date "2014.04.27"]
[Round "11"]
[White "Hajbok, Robert"]
[Black "Korpas, Zoltan"]
[Result "1-0"]
[WhiteElo "2345"]
[BlackElo "2117"]
[PlyCount "95"]
[EventDate "2013.09.08"]
[EventType "team-tourn"]
[EventRounds "11"]
[EventCountry "HUN"]
[SourceTitle "EXT 2016"]
[Source "ChessBase"]
[SourceDate "2015.10.08"]
[SourceVersion "1"]
[SourceVersionDate "2015.10.08"]
[SourceQuality "1"]
[WhiteTeam "Nyiregyhaza SISE"]
[BlackTeam "Nyiregyhaza"]
[WhiteTeamCountry "HUN"]
[BlackTeamCountry "HUN"]

1. e4 d5 2. exd5 Qxd5 3. Nc3 Qd6 4. d4 Nf6 5. Nf3 c6 6. Ne5 Nbd7 7. Nc4 Qc7 8. Qf3 Nb6 9. Bf4 Qd8 10. Be5 Nbd5 11. h3 Be6 12. Be2 Nxc3 13. Qxc3 Bd5 14. 0-0 Ne4 15. Qe1 Bxc4 16. Bxc4 Nd6 17. Bb3 e6 18. d5 cxd5 19. Bxd5 Qd7 20. Rd1 Rd8 21. Bb3 b5 22. Rd3 Qc6 23. Qe3 Be7 24. Qxa7 Ra8 25. Qd4 Nf5 26. Qg4 h5 27. Qe2 Rh6 28. g3 Qc5 29. Rc3 Qb6 30. Qf3 Qa6 31. Rd1 Bf6 32. Rc6 Qa5 33. Bxe6 Ne7 34. Bd7+ Kf8 35. Bd6 Qxa2 36. Re1 Qa5 37. b4 Qd8 38. Bxe7+ Bxe7 39. Rxh6 gxh6 40. Bxb5 Ra7 41. c3 Qb6 42. Qxh5 Ra3 43. Re3 Bg5 44. Rf3 Qe6 45. Kg2 Bd2 46. Qc5+ Qe7 47. Qd4 Qb7 48. Qh8+ 1-0

[Event "HUN-chT2 Barcza 1314"]
[Site "Hungary"]
[Date "2013.09.08"]
[Round "1"]
[White "Korpas, Zoltan"]
[Black "Okhotnik, Vladimir"]
[Result "0-1"]
[WhiteElo "2117"]
[BlackElo "2418"]
[PlyCount "46"]
[EventDate "2013.09.08"]
[EventType "team-tourn"]
[EventRounds "11"]
[EventCountry "HUN"]
[SourceTitle "EXT 2016"]
[Source "ChessBase"]
[SourceDate "2015.10.08"]
[SourceVersion "1"]
[SourceVersionDate "2015.10.08"]
[SourceQuality "1"]
[WhiteTeam "Nyiregyhaza"]
[BlackTeam "Kazincbarcika"]
[WhiteTeamCountry "HUN"]
[BlackTeamCountry "HUN"]

1. Nf3 Nf6 2. d4 d6 3. Nbd2 c5 4. e3 Nc6 5. Be2 g6 6. 0-0 Bg7 7. c3 0-0 8. e4 cxd4 9. cxd4 e5 10. d5 Nb8 11. Ne1 Nbd7 12. Nd3 Ne8 13. Kh1 f5 14. f3 Ndf6 15. b3 Bh6 16. Nf2 Be3 17. Bd3 Bd4 18. Rb1 a6 19. Bb2 Bd7 20. Qe1 f4 21. a4 Nh5 22. Nh3 g5 23. Be2 Qf6 0-1

[Event "HUN-chT2 Barcza 1213"]
[Site "Hungary"]
[Date "2013.03.24"]
[Round "9.3"]
[White "Zoltan, Lajos"]
[Black "Korpas, Zoltan"]
[Result "0-1"]
[WhiteElo "1979"]
[BlackElo "2114"]
[PlyCount "80"]
[EventDate "2012.09.16"]
[EventType "team-tourn"]
[EventRounds "11"]
[EventCountry "HUN"]
[SourceTitle "EXT 2014"]
[Source "ChessBase"]
[SourceDate "2013.11.20"]
[SourceVersion "1"]
[SourceVersionDate "2013.11.20"]
[SourceQuality "1"]
[WhiteTeam "Nadudvar"]
[BlackTeam "Piremon"]
[WhiteTeamCountry "HUN"]
[BlackTeamCountry "HUN"]

1. e4 e5 2. Nf3 Nc6 3. Bb5 Bc5 4. c3 Qf6 5. d3 Nge7 6. Be3 Bxe3 7. fxe3 Qh6 8. Qe2 0-0 9. Nbd2 d6 10. 0-0-0 a6 11. Bc4 b5 12. Bb3 a5 13. Kb1 a4 14. Bd5 Rb8 15. d4 a3 16. b4 Nxd5 17. exd5 Ne7 18. e4 f5 19. dxe5 fxe4 20. Nxe4 Bf5 21. Ka1 Bxe4 22. Qxe4 Rf4 23. Qc2 dxe5 24. Nxe5 Qd6 25. Qb3 Kh8 26. Rhe1 Rf5 27. Nc6 Nxc6 28. Re6 Nd4 29. Rxd4 Rf1+ 30. Rd1 Qf4 31. Ree1 Rxe1 32. Rxe1 Ra8 33. Qd1 h6 34. Qf3 Qd2 35. Rb1 Rd8 36. d6 cxd6 37. Rb3 Re8 38. Rb1 d5 39. h4 d4 40. c4 d3 0-1

[Event "HUN-chT2 Barcza 1112 "]
[Site "Hungary"]
[Date "2012.05.06"]
[Round "10"]
[White "Korpas, Zoltan"]
[Black "Herczeg, Tibor"]
[Result "0-1"]
[WhiteElo "2135"]
[BlackElo "2131"]
[PlyCount "82"]
[EventDate "2011.09.25"]
[EventType "team-tourn"]
[EventRounds "11"]
[EventCountry "HUN"]
[SourceTitle "EXT 2013"]
[Source "ChessBase"]
[SourceDate "2012.11.22"]
[SourceVersion "1"]
[SourceVersionDate "2012.11.22"]
[SourceQuality "1"]
[WhiteTeam "Balkany"]
[BlackTeam "Sajoszentpeter"]
[WhiteTeamCountry "HUN"]
[BlackTeamCountry "HUN"]

1. e4 c5 2. Nf3 Nc6 3. Bb5 e6 4. 0-0 d6 5. Re1 a6 6. Bf1 Nge7 7. c3 Ng6 8. d4 cxd4 9. cxd4 Be7 10. d5 Nce5 11. Nd4 exd5 12. exd5 0-0 13. Nc3 Re8 14. f4 Ng4 15. f5 N6e5 16. h3 Nf6 17. Kh1 b5 18. a3 Bb7 19. Nf3 Ned7 20. Be3 Nb6 21. Bxb6 Qxb6 22. Qd2 Rac8 23. Ng5 Qc5 24. Nge4 Nxe4 25. Rxe4 Bf6 26. Rxe8+ Rxe8 27. Re1 Rxe1 28. Qxe1 Be5 29. Bd3 Bxd5 30. Be4 Bxe4 31. Qxe4 h6 32. Qe2 Qd4 33. g3 Kh7 34. Kg2 b4 35. axb4 Qxb4 36. Nd1 Qb3 37. Nc3 a5 38. g4 a4 39. Nd1 Qg3+ 40. Kf1 Qxh3+ 41. Ke1 Qb3 0-1

[Event "HUN-chT2 Barcza 1112 "]
[Site "Hungary"]
[Date "2011.10.30"]
[Round "2"]
[White "Ag, Norbert"]
[Black "Korpas, Zoltan"]
[Result "0-1"]
[WhiteElo "2285"]
[BlackElo "2135"]
[PlyCount "82"]
[EventDate "2011.09.25"]
[EventType "team-tourn"]
[EventRounds "11"]
[EventCountry "HUN"]
[SourceTitle "EXT 2013"]
[Source "ChessBase"]
[SourceDate "2012.11.22"]
[SourceVersion "1"]
[SourceVersionDate "2012.11.22"]
[SourceQuality "1"]
[WhiteTeam "DEAC"]
[BlackTeam "Balkany"]
[WhiteTeamCountry "HUN"]
[BlackTeamCountry "HUN"]

1. c4 Nf6 2. Nc3 d5 3. cxd5 Nxd5 4. g3 c6 5. Bg2 Nxc3 6. bxc3 e5 7. Nf3 Bd6 8. 0-0 0-0 9. d3 Re8 10. Nd2 Nd7 11. Rb1 Nf8 12. Nc4 Bc7 13. Ba3 Rb8 14. Qc2 Be6 15. Nd2 f5 16. Bc5 Bb6 17. Bxb6 axb6 18. c4 Ra8 19. Rb2 Ra6 20. Nb1 Qf6 21. Nc3 Rea8 22. a4 Nd7 23. Rfb1 Qe7 24. Bh3 Rf8 25. Rd1 h5 26. Rf1 f4 27. Bg2 h4 28. gxf4 exf4 29. Kh1 Ne5 30. Be4 Bh3 31. Rg1 f3 32. exf3 Qf6 33. f4 Qxf4 34. Qc1 Nxd3 35. Qxf4 Nxf4 36. Rd2 Ra5 37. Rb2 Rc5 38. Rxb6 Bc8 39. Rb4 Nh3 40. Re1 Nxf2+ 41. Kg1 Rg5+ 0-1

[Event "HUN-chT2 Barcza 1112 "]
[Site "Hungary"]
[Date "2011.09.25"]
[Round "1"]
[White "Korpas, Zoltan"]
[Black "Kiss, Sandor1111"]
[Result "1/2-1/2"]
[WhiteElo "2135"]
[BlackElo "2113"]
[PlyCount "72"]
[EventDate "2011.09.25"]
[EventType "team-tourn"]
[EventRounds "11"]
[EventCountry "HUN"]
[SourceTitle "EXT 2013"]
[Source "ChessBase"]
[SourceDate "2012.11.22"]
[SourceVersion "1"]
[SourceVersionDate "2012.11.22"]
[SourceQuality "1"]
[WhiteTeam "Balkany"]
[BlackTeam "Tiszavasvar"]
[WhiteTeamCountry "HUN"]
[BlackTeamCountry "HUN"]

1. e4 c5 2. Nf3 Nc6 3. Bb5 a6 4. Bxc6 bxc6 5. 0-0 d6 6. b3 Nf6 7. d3 e5 8. Bb2 Bg4 9. h3 Bh5 10. Nbd2 h6 11. Nc4 Be7 12. Ne3 g5 13. Nf5 Kf8 14. g4 Nxg4 15. Nxe5 Nxe5 16. Qxh5 Bf6 17. f4 Ng6 18. e5 Qd7 19. Nxd6 Nxf4 20. Rxf4 gxf4 21. Ne4 Rg8+ 22. Kh2 Bg5 23. h4 Be7 24. Qxh6+ Ke8 25. Rg1 Rf8 26. Qxf4 Qe6 27. Bc3 Rd8 28. Re1 Rh8 29. Nf6+ Kf8 30. Rg1 Bxf6 31. exf6 Qe2+ 32. Rg2 Qe6 33. Qg5 Ke8 34. Rg4 Rd5 35. Qg7 Qe2+ 36. Kh3 Qf3+ 1/2-1/2

[Event "HUN-chT2 Barcza 1011"]
[Site "Hungary"]
[Date "2010.09.26"]
[Round "2.2"]
[White "Korpas, Zoltan"]
[Black "Ag, Norbert"]
[Result "0-1"]
[WhiteElo "2153"]
[BlackElo "2241"]
[PlyCount "72"]
[EventDate "2010.09.12"]
[EventType "team-tourn"]
[EventRounds "11"]
[EventCountry "HUN"]
[SourceTitle "EXT 2012"]
[Source "ChessBase"]
[SourceDate "2011.11.24"]
[SourceVersion "1"]
[SourceVersionDate "2011.11.24"]
[SourceQuality "1"]
[WhiteTeam "Balkany"]
[BlackTeam "DEAC"]
[WhiteTeamCountry "HUN"]
[BlackTeamCountry "HUN"]

1. Nf3 d5 2. d4 c6 3. Nbd2 Nf6 4. e3 Bf5 5. Be2 e6 6. 0-0 h6 7. b3 Nbd7 8. Bb2 a5 9. a4 Be7 10. Ba3 Bxa3 11. Rxa3 Qe7 12. Ra2 0-0 13. Qc1 Rfc8 14. Qb2 Rc7 15. c4 Nb8 16. c5 Na6 17. Bxa6 Rxa6 18. b4 axb4 19. a5 Bd3 20. Rfa1 Nd7 21. Qxb4 f6 22. Qc3 Bb5 23. Nb1 Ra8 24. Na3 Ba6 25. Nc2 e5 26. Nd2 e4 27. Nb4 Bb5 28. Qb3 Qe6 29. a6 bxa6 30. Nxa6 Rb7 31. Nb4 Rab8 32. Ra8 f5 33. Rxb8+ Rxb8 34. Qa3 Rf8 35. Qc3 Rf6 36. Nb1 Rg6 0-1

[Event "HUN-chT2 Barcza 0910"]
[Site "Hungary"]
[Date "2010.04.11"]
[Round "9.1"]
[White "Lengyel, Ferenc"]
[Black "Korpas, Zoltan"]
[Result "1-0"]
[WhiteElo "2271"]
[BlackElo "2161"]
[PlyCount "93"]
[EventDate "2009.11.08"]
[EventType "team-tourn"]
[EventRounds "11"]
[EventCountry "HUN"]
[SourceTitle "EXT 2011"]
[Source "ChessBase"]
[SourceDate "2010.11.26"]
[SourceVersion "1"]
[SourceVersionDate "2010.11.26"]
[SourceQuality "1"]
[WhiteTeam "HSSE"]
[BlackTeam "Tiszavasvar"]
[WhiteTeamCountry "HUN"]
[BlackTeamCountry "HUN"]

1. d4 Nf6 2. Nf3 g6 3. c4 Bg7 4. g3 0-0 5. Bg2 c6 6. 0-0 d5 7. Na3 Bf5 8. Bf4 Be4 9. Qd2 Re8 10. Rac1 Nbd7 11. Rfd1 Rc8 12. cxd5 Nxd5 13. Bh6 Bh8 14. Nc4 Qc7 15. Bh3 Bxf3 16. exf3 Rcd8 17. f4 e6 18. Ne5 Ne7 19. Qe2 Nd5 20. Re1 Nxe5 21. fxe5 Ne7 22. Red1 Qb6 23. Qc4 Nd5 24. Bg2 Rd7 25. b3 Bg7 26. Bg5 h6 27. Bd2 Red8 28. Qa4 Ra8 29. Qc4 Bf8 30. h4 Qd8 31. Qe2 Kh7 32. h5 Ne7 33. hxg6+ fxg6 34. Be3 Qe8 35. Be4 Rad8 36. g4 Nd5 37. Qf3 Kg8 38. Bb1 Qf7 39. Qe4 Kg7 40. Kg2 Be7 41. Rf1 Bh4 42. Bd3 Rh8 43. Bd2 Rdd8 44. f4 Ne7 45. Rh1 g5 46. Rcf1 Qg8 47. Bb4 1-0

[Event "HUN-chT2 Barcza 0910"]
[Site "Hungary"]
[Date "2009.12.20"]
[Round "4.1"]
[White "Korpas, Zoltan"]
[Black "Cselenyi, Balazs"]
[Result "1-0"]
[WhiteElo "2161"]
[BlackElo "2245"]
[PlyCount "79"]
[EventDate "2009.11.08"]
[EventType "team-tourn"]
[EventRounds "11"]
[EventCountry "HUN"]
[SourceTitle "EXT 2011"]
[Source "ChessBase"]
[SourceDate "2010.11.26"]
[SourceVersion "1"]
[SourceVersionDate "2010.11.26"]
[SourceQuality "1"]
[WhiteTeam "Tiszavasvar"]
[BlackTeam "Debrecen Sakkbaratok"]
[WhiteTeamCountry "HUN"]
[BlackTeamCountry "HUN"]

1. Nf3 c5 2. e4 e6 3. b4 cxb4 4. d4 d5 5. e5 Nc6 6. Bd3 Nge7 7. 0-0 Nf5 8. Bb2 Be7 9. a3 0-0 10. axb4 Nxb4 11. Be2 Bd7 12. c3 Nc6 13. Nbd2 Rc8 14. Bd3 a6 15. Qe2 Qc7 16. g4 Nh6 17. h3 f6 18. exf6 gxf6 19. Qe3 Nf7 20. Bb1 Nd6 21. Rc1 Na5 22. Ba3 Rf7 23. Qh6 Bf8 24. Qh4 Nac4 25. Nxc4 Nxc4 26. Bxf8 Kxf8 27. g5 Rg7 28. Kh1 f5 29. Bd3 Bc6 30. Re1 Rg6 31. Re2 a5 32. Rae1 Qd6 33. Kg1 Bb5 34. Rb1 Ba6 35. Bxc4 Bxc4 36. Rxb7 Rg7 37. Rxg7 Kxg7 38. Qh6+ Kg8 39. Rxe6 Qf4 40. Re7 1-0

[Event "HUN-chT2 Barcza 0910"]
[Site "Hungary"]
[Date "2009.11.08"]
[Round "1.1"]
[White "Korpas, Zoltan"]
[Black "Zabiak, Jozsef"]
[Result "0-1"]
[WhiteElo "2161"]
[BlackElo "2136"]
[PlyCount "108"]
[EventDate "2009.11.08"]
[EventType "team-tourn"]
[EventRounds "11"]
[EventCountry "HUN"]
[SourceTitle "EXT 2011"]
[Source "ChessBase"]
[SourceDate "2010.11.26"]
[SourceVersion "1"]
[SourceVersionDate "2010.11.26"]
[SourceQuality "1"]
[WhiteTeam "Tiszavasvar"]
[BlackTeam "SSASSE"]
[WhiteTeamCountry "HUN"]
[BlackTeamCountry "HUN"]

1. Nf3 f5 2. e3 e6 3. b3 d5 4. Bb2 Nf6 5. g3 Bd6 6. Bg2 0-0 7. 0-0 Nbd7 8. d3 c6 9. Nd4 Ne5 10. Nd2 Qb6 11. N4f3 Ng6 12. d4 Ne4 13. c4 Qc7 14. Rc1 Qe7 15. Rc2 Bd7 16. Qc1 Rf7 17. a3 Raf8 18. b4 h5 19. Ne5 Bxe5 20. dxe5 h4 21. Nf3 hxg3 22. hxg3 Ng5 23. Nh2 Nh8 24. cxd5 exd5 25. f4 Ne6 26. b5 g5 27. bxc6 Bxc6 28. Rxc6 bxc6 29. Qxc6 Qd7 30. Qxd5 gxf4 31. gxf4 Rd8 32. Qc4 Rg7 33. Kh1 Kh7 34. Bc6 Qf7 35. e4 Rd2 36. Qc3 Rdg2 37. Qh3+ Kg8 38. Qxg2 Rxg2 39. Kxg2 Ng6 40. Kh1 Qc7 41. Rc1 Ngxf4 42. exf5 Nd3 43. Rg1+ Kf8 44. Bf3 Nxb2 45. fxe6 Qxe5 46. Rf1 Ke7 47. Bg4 Nd3 48. Rf7+ Ke8 49. Nf1 Qe4+ 50. Bf3 Qxe6 51. Rxa7 Qh6+ 52. Kg2 Qg5+ 53. Kh1 Qh4+ 54. Nh2 Qe1+ 0-1

[Event "HUN-chT2 Barcza 0809"]
[Site "Hungary"]
[Date "2008.12.21"]
[Round "4.1"]
[White "Molnar, Peter1111"]
[Black "Korpas, Zoltan"]
[Result "1-0"]
[WhiteElo "2297"]
[BlackElo "2144"]
[PlyCount "85"]
[EventDate "2008.10.26"]
[EventType "team-tourn"]
[EventRounds "11"]
[EventCountry "HUN"]
[SourceTitle "EXT 2010"]
[Source "ChessBase"]
[SourceDate "2010.11.25"]
[SourceVersion "1"]
[SourceVersionDate "2010.11.25"]
[SourceQuality "1"]
[WhiteTeam "Edeleny"]
[BlackTeam "Tiszavasvar"]
[WhiteTeamCountry "HUN"]
[BlackTeamCountry "HUN"]

1. Nf3 Nf6 2. c4 d6 3. g3 c6 4. Bg2 Bg4 5. h3 Bh5 6. 0-0 e5 7. Nc3 Be7 8. d3 Na6 9. Rb1 Nc7 10. b4 Ne6 11. b5 Qc7 12. bxc6 bxc6 13. Nh4 Bg6 14. Qa4 Rc8 15. Be3 Nd4 16. Qa6 d5 17. Rb7 Qd8 18. Nxg6 hxg6 19. cxd5 cxd5 20. Bxd4 exd4 21. Qa4+ Kf8 22. Nb5 Bc5 23. Nxd4 Kg8 24. Nb3 Bb6 25. e3 Rh5 26. d4 Rc4 27. Qa3 Rc2 28. Rc1 Rc4 29. Nd2 Rxc1+ 30. Qxc1 Ne8 31. Qc6 Nc7 32. g4 Rh6 33. g5 Rh4 34. f4 Qe7 35. Nf1 Kh7 36. Rb8 f6 37. Qb7 Qd7 38. gxf6 gxf6 39. Rf8 Qg7 40. Qc8 f5 41. Rd8 Qf6 42. Qd7+ Kh6 43. Rg8 1-0

[Event "HUN-chT2 Barcza 0809"]
[Site "Hungary"]
[Date "2008.11.02"]
[Round "2.1"]
[White "Deak, Sandor"]
[Black "Korpas, Zoltan"]
[Result "1-0"]
[WhiteElo "2311"]
[BlackElo "2144"]
[PlyCount "100"]
[EventDate "2008.10.26"]
[EventType "team-tourn"]
[EventRounds "11"]
[EventCountry "HUN"]
[SourceTitle "EXT 2010"]
[Source "ChessBase"]
[SourceDate "2010.11.25"]
[SourceVersion "1"]
[SourceVersionDate "2010.11.25"]
[SourceQuality "1"]
[WhiteTeam "TEVA SE"]
[BlackTeam "Tiszavasvar"]
[WhiteTeamCountry "HUN"]
[BlackTeamCountry "HUN"]

1. d4 Nf6 2. c4 d6 3. Nc3 c6 4. e4 Qc7 5. f3 e5 6. Nge2 Be7 7. Be3 Nbd7 8. Qd2 Nb6 9. b3 h6 10. Rc1 Nbd7 11. g3 Nh7 12. Bg2 Ndf8 13. 0-0 g5 14. c5 exd4 15. Bxd4 Rg8 16. cxd6 Qxd6 17. Qc2 Qg6 18. Nd1 Ba3 19. Bb2 Bd6 20. Ne3 Bc7 21. Rfd1 Ne6 22. Nf5 Bd7 23. Rd2 Nhf8 24. Rcd1 h5 25. Qc3 h4 26. Qb4 Bb6+ 27. Kf1 c5 28. Qc4 Bc6 29. Nd6+ Ke7 30. Nf5+ Ke8 31. Nc3 Nd4 32. Nxd4 cxd4 33. Ne2 g4 34. Bxd4 gxf3 35. Bxf3 Bc7 36. Bf2 Qf6 37. Rd3 Ne6 38. e5 Qxf3 39. Rxf3 Bxf3 40. Qxh4 Bxe5 41. Qb4 Bc6 42. Re1 a5 43. Qa3 a4 44. Nd4 Bxd4 45. Bxd4 Rg6 46. Be5 Ra5 47. h4 f6 48. Bc3 Rf5+ 49. Ke2 Rxg3 50. Qd6 Kf7 1-0

[Event "HUN-chT2 Barcza 0809"]
[Site "Hungary"]
[Date "2008.10.26"]
[Round "1.1"]
[White "Korpas, Zoltan"]
[Black "Zabiak, Jozsef"]
[Result "1-0"]
[WhiteElo "2144"]
[BlackElo "2197"]
[PlyCount "103"]
[EventDate "2008.10.26"]
[EventType "team-tourn"]
[EventRounds "11"]
[EventCountry "HUN"]
[SourceTitle "EXT 2010"]
[Source "ChessBase"]
[SourceDate "2010.11.25"]
[SourceVersion "1"]
[SourceVersionDate "2010.11.25"]
[SourceQuality "1"]
[WhiteTeam "Tiszavasvar"]
[BlackTeam "SSASSE"]
[WhiteTeamCountry "HUN"]
[BlackTeamCountry "HUN"]

1. Nf3 Nf6 2. d4 g6 3. Nbd2 d5 4. e3 Bg7 5. Bd3 0-0 6. 0-0 Bg4 7. h3 Bxf3 8. Nxf3 c5 9. dxc5 Qa5 10. a3 Qxc5 11. b4 Qc7 12. Bb2 Nbd7 13. Rc1 Nb6 14. Be5 Qc6 15. Bd4 Nfd7 16. Bxg7 Kxg7 17. c4 dxc4 18. Bxc4 Qf6 19. Bb5 Rfd8 20. Qb3 a6 21. Be2 Rac8 22. a4 Rxc1 23. Rxc1 Rc8 24. Rxc8 Nxc8 25. Nd4 e5 26. Nf3 Nd6 27. a5 Nf8 28. Qd5 Nd7 29. Ng5 Nb8 30. Nxf7 Nxf7 31. Qxb7 Nc6 32. Bxa6 Ncd8 33. Qa8 Qc6 34. Qa7 Ne6 35. Bf1 Nc7 36. a6 Nd6 37. b5 Qd7 38. b6 Kf8 39. b7 Nxa6 40. Bxa6 Nxb7 41. Qxb7 Qd1+ 42. Kh2 Qd2 43. Qf3+ Kg7 44. Bc4 Qd7 45. Qd5 Qe7 46. f4 exf4 47. Qd4+ Kh6 48. exf4 Qc7 49. g4 Qe7 50. g5+ Kh5 51. Qf2 Qe4 52. Be2+ 1-0

[Event "HUN-chT2 Barcza 0708"]
[Site "Hungary"]
[Date "2007.12.09"]
[Round "4"]
[White "Molnar, Peter1111"]
[Black "Korpas, Zoltan"]
[Result "1-0"]
[WhiteElo "2211"]
[BlackElo "2135"]
[PlyCount "133"]
[EventDate "2007.10.14"]
[EventType "team"]
[EventRounds "11"]
[EventCountry "HUN"]
[SourceTitle "EXT 2009"]
[Source "ChessBase"]
[SourceDate "2008.11.26"]
[SourceVersion "1"]
[SourceVersionDate "2008.11.26"]
[SourceQuality "1"]
[WhiteTeam "Edeleny"]
[BlackTeam "Tiszavasvar"]
[WhiteTeamCountry "HUN"]
[BlackTeamCountry "HUN"]

1. b3 e5 2. Bb2 Nc6 3. e3 d6 4. g3 Nf6 5. Bg2 Be7 6. Ne2 h5 7. h3 Be6 8. d3 Qd7 9. Nd2 d5 10. a3 0-0-0 11. Nf3 Bd6 12. Ng5 Bf5 13. Nc3 d4 14. Nce4 dxe3 15. fxe3 Nxe4 16. Nxe4 Bxe4 17. dxe4 Qe7 18. Qe2 Qg5 19. Qf2 Bc5 20. Ke2 Kb8 21. b4 Be7 22. Rad1 Rh6 23. h4 Qg4+ 24. Qf3 Qe6 25. Rd5 Bd6 26. Bh3 Qe8 27. Rhd1 Ne7 28. R5d2 Qb5+ 29. Ke1 a5 30. Bf1 Qa4 31. Bxe5 Bxe5 32. Rxd8+ Ka7 33. Bd3 Rf6 34. Qg2 axb4 35. axb4 Nc6 36. Rd5 Bc3+ 37. Ke2 Nxb4 38. e5 Nxd3 39. Kxd3 Rc6 40. Ke2 Bxe5 41. Kf2 Rg6 42. Kf1 Bxg3 43. e4 Qa6+ 44. Qe2 Qf6+ 45. Rf5 Qxh4 46. Qxh5 Qxe4 47. Ra5+ Ra6 48. Qc5+ b6 49. Rxa6+ Kxa6 50. Qa3+ Kb7 51. Qxg3 Qxc2 52. Qf3+ Ka6 53. Qe2+ Qxe2+ 54. Kxe2 Kb5 55. Rd7 c5 56. Kd3 Kb4 57. Kc2 f5 58. Rxg7 Kc4 59. Rf7 b5 60. Rxf5 Kd4 61. Rf4+ Kd5 62. Kc3 Ke5 63. Rh4 Kd5 64. Rh5+ Kd6 65. Rh6+ Kd5 66. Rb6 b4+ 67. Kb3 1-0